| 000 | 004930000a22001930004500 | ||
|---|---|---|---|
| 001 | 001848 | ||
| 003 | MACL | ||
| 005 | 20150712152432.0 | ||
| 008 | 150712b xxu||||| |||| 00| 0 eng d | ||
| 040 |
_aMACL _cMACL |
||
| 041 | _aEnglish | ||
| 082 | _a320/LAL | ||
| 100 |
_aPradyot, Lal _91940 |
||
| 245 |
_aCaste vs Caste _bTrubulence in indian Politics _cLal Pradyot |
||
| 260 |
_aDelhi _c1998 _bAjanta Publishers, |
||
| 350 | _a195 | ||
| 650 |
_aPolitical science _988 |
||
| 942 |
_k320 _cBK _2ddc |
||
| 999 |
_c13764 _d13764 |
||